A nemzeti bizottságok a választási program végrehajtói.

Bibliographic Details
Main Author: Paluda, Štefan (Author)
Format: Article
Language:Hungarian
Slovak
Subjects:

MARC

LEADER 00000nab a2200000 a 4500
001 vtls008775613
003 SK-MaSNL
005 20260318122016.0
008 050613 1976 xo 000 0 hun
015 |a SNBRB1977 
040 |a SNKBUCL  |b slo  |c SNKBUCL  |e AACR2 
041 0 |a slo 
044 |a xo  |c SK 
080 |a 352/354(437)  |2 2001 
100 1 |a Paluda, Štefan  |4 aut  |9 573698 
245 1 0 |a A nemzeti bizottságok a választási program végrehajtói.  |c Štefan Paluda 
610 1 7 |a Československo.  |b Národný front  |2 snkbucl  |9 162526 
650 0 7 |a národné výbory  |2 snkbucl  |9 59059 
651 7 |a Československo  |2 snkbucl  |9 21376 
773 0 |t Népművelés  |g Roč. 21, č. 11 (1976), s. 6-8 
999 |c 3259554  |d 3261484